Kindgotter im Agypten der griechisch-romischen Zeit : Zeugnisse aus Stadt und Tempel als Spiegel des interkulturellen Kontakts /

محفوظ في:

مؤلفون آخرون: Budde, Dagmar., Sandri, Sandra., Verhoeven, Ursula.

التنسيق: كتاب

اللغة: German
English
French

منشور في: Leuven, Belgium ; Sterling, Va. : Peeters, 2003.

سلاسل: Orientalia Lovaniensia Analecta ; 128.
OLA ; 128.

الموضوعات:

الوسوم: إضافة وسم

لا توجد وسوم, كن أول من يضع وسما على هذه التسجيلة!

رقم الطلب: DS1 .O7 v.128

LEADER 01415namaa2200361 4500
001 12328
003 OSt
005 20240929075138.0
008 190925s2003 be a b 001 0 ger d
952 |0 0  |1 0  |2 lcc  |3 V.128  |4 0  |6 DS0001 O7 V.00128  |7 1  |9 11801  |a ARCE  |b ARCE  |d 2021-04-14  |l 0  |o DS1 .O7 v.128  |p 1015602  |r 2021-04-14 00:00:00  |w 2021-04-14  |y BK 
999 |c 10939  |d 10939 
020 |a 9042913673 
040 |c ARCE Library 
041 0 |a ger  |a eng  |a fre  
043 |a f-ua--- 
050 4 |a DS1 .O7 v.128 
245 0 0 |a Kindgotter im Agypten der griechisch-romischen Zeit :  |b Zeugnisse aus Stadt und Tempel als Spiegel des interkulturellen Kontakts /  |c herausgegeben von Dagmar Budde, Sandra Sandri und Ursula Verhoeven. 
264 1 |a Leuven, Belgium ;  |a Sterling, Va. :  |b Peeters,  |c 2003. 
300 |a xiv, 335 pages :  |b illustrations ;  |c 24 cm. 
490 1 |a Orientalia Lovaniensia Analecta ;   |v 128. 
490 1 |a OLA ;   |v 128. 
504 |a Includes bibliographical references and index. 
546 |a One essay is in English, one in French, and the rest are in German. 
650 0 |a Gods, Egyptian. 
651 0 |a Egypt  |x Civilization  |y 332 B.C.-638 A.D. 
651 0 |a Egypt  |x Religion. 
700 1 |a Budde, Dagmar.  |9 27466 
700 1 |a Sandri, Sandra.   |9 39172 
700 1 |a Verhoeven, Ursula.  |9 41630 
830 0 |a Orientalia Lovaniensia Analecta ;   |v 128. 
830 0 |a OLA ;   |v 128. 
901 |a reviewed 
942 |c BK  |2 lcc